[Event "San Cristobal Bolivar op 1st"]
[Site "San Cristobal"]
[Date "2012.09.29"]
[Round "9"]
[White "Rincon Gonzalez, Drina"]
[Black "Cancio Bello Ayes, Flavia"]
[Result "0-1"]
[WhiteElo "1957"]
[BlackElo "2134"]
[PlyCount "124"]
[EventDate "2012.09.25"]
[EventType "swiss"]
[EventRounds "10"]
[EventCountry "VEN"]
[SourceTitle "EXT 2013"]
[Source "ChessBase"]
[SourceDate "2012.11.22"]
[SourceVersion "1"]
[SourceVersionDate "2012.11.22"]
[SourceQuality "1"]

1. e4 c5 2. Nc3 Nc6 3. g3 g6 4. Bg2 Bg7 5. d3 d6 6. Be3 e5 7. Nge2 Nge7 8. Qd2 0-0 9. 0-0 Nd4 10. f4 exf4 11. Nxf4 Rb8 12. Nfd5 Nxd5 13. Nxd5 Be6 14. c3 Nc6 15. Bg5 f6 16. Bh6 Bxd5 17. Bxg7 Kxg7 18. exd5 Ne5 19. Rae1 Rf7 20. b3 b5 21. d4 cxd4 22. cxd4 Nd7 23. Qf4 Rb6 24. Rc1 Nb8 25. Bh3 f5 26. Rfe1 Nd7 27. Rc6 Nf6 28. Bg2 Nh5 29. Qc1 Qf6 30. Qc3 f4 31. Rc7 fxg3 32. Rxf7+ Qxf7 33. hxg3 Rb7 34. Rf1 Qe7 35. Qf3 Rc7 36. Bh3 b4 37. Be6 Rc3 38. Qf7+ Qxf7 39. Rxf7+ Kh6 40. g4 Ng3 41. Rxa7 Ne2+ 42. Kf2 Nxd4 43. Bg8 Rf3+ 44. Kg2 Rf4 45. Rxh7+ Kg5 46. Rd7 Rxg4+ 47. Kf2 Rf4+ 48. Kg2 Nb5 49. Be6 Kf6 50. Kg3 Rd4 51. Rf7+ Ke5 52. Rg7 Rd1 53. Re7 Kd4 54. Rb7 Kc5 55. Rb8 Rd2 56. Rc8+ Kb6 57. Rc6+ Kb7 58. Rc4 Rd4 59. Rc6 g5 60. Bc8+ Kb8 61. Ba6 Nc3 62. Rxd6 Ne4+ 0-1

[Event "Pan American-ch U20 Girls"]
[Site "Sao Paulo"]
[Date "2012.07.03"]
[Round "8"]
[White "Rodriguez Rueda, Paula Andrea"]
[Black "Cancio Bello Ayes, Flavia"]
[Result "1/2-1/2"]
[WhiteElo "2181"]
[BlackElo "2156"]
[PlyCount "65"]
[EventDate "2012.06.29"]
[EventType "swiss"]
[EventRounds "9"]
[EventCountry "BRA"]
[SourceTitle "CBM 149 Extra"]
[Source "ChessBase"]
[SourceDate "2012.08.24"]
[SourceVersion "1"]
[SourceVersionDate "2012.08.24"]
[SourceQuality "1"]

1. d4 Nf6 2. c4 c5 3. d5 e6 4. Nc3 exd5 5. cxd5 d6 6. e4 g6 7. f4 Bg7 8. Bb5+ Nfd7 9. a4 0-0 10. Nf3 Na6 11. 0-0 Nb4 12. Be3 a6 13. Be2 Re8 14. Nd2 Bxc3 15. bxc3 Nxd5 16. exd5 Rxe3 17. Nc4 Re7 18. Nxd6 Nf6 19. Nxc8 Rxc8 20. c4 Qd6 21. Bd3 Rce8 22. f5 Qe5 23. fxg6 fxg6 24. Kh1 Qd4 25. Bc2 Qh4 26. Qf3 Ng4 27. h3 Ne3 28. d6 Nxf1 29. dxe7 Ng3+ 30. Kh2 Nh5 31. Qd5+ Kg7 32. Qxc5 Rxe7 33. Rf1 1/2-1/2

[Event "Pan American-ch U20 Girls"]
[Site "Sao Paulo"]
[Date "2012.07.01"]
[Round "5"]
[White "Rothebarth, Ana Vitoria de Paul"]
[Black "Cancio Bello Ayes, Flavia"]
[Result "1/2-1/2"]
[WhiteElo "2022"]
[BlackElo "2156"]
[PlyCount "81"]
[EventDate "2012.06.29"]
[EventType "swiss"]
[EventRounds "9"]
[EventCountry "BRA"]
[SourceTitle "CBM 149 Extra"]
[Source "ChessBase"]
[SourceDate "2012.08.24"]
[SourceVersion "1"]
[SourceVersionDate "2012.08.24"]
[SourceQuality "1"]

1. e4 c5 2. Nc3 Nc6 3. f4 g6 4. Nf3 Bg7 5. Bb5 Nd4 6. 0-0 a6 7. Bd3 d6 8. Nxd4 cxd4 9. Ne2 Nf6 10. Kh1 e5 11. c3 0-0 12. cxd4 exd4 13. Nxd4 Nxe4 14. Bxe4 Bxd4 15. Qf3 Qe7 16. f5 gxf5 17. Bxf5 Bxf5 18. Qxf5 Qe5 19. Qf3 Rae8 20. d3 Qf6 21. Bf4 Be5 22. Rad1 Qxf4 23. Qxf4 Bxf4 24. Rxf4 Re2 25. Rg4+ Kh8 26. Rb4 b5 27. a4 Rfe8 28. h3 R8e5 29. Rf1 Kg7 30. Rg4+ Kf8 31. Rgf4 Re7 32. axb5 axb5 33. b4 R2e6 34. Kh2 Ke8 35. Kg3 Rg6+ 36. Kf3 Rge6 37. Kg3 Re3+ 38. R1f3 Rxf3+ 39. Kxf3 Kd7 40. Rf5 Kc6 41. Kf2 1/2-1/2

[Event "Wch U18 Girls"]
[Site "Caldas Novas"]
[Date "2011.11.20"]
[Round "4"]
[White "Castro, Natalia Patricia"]
[Black "Cancio Bello Ayes, Flavia"]
[Result "0-1"]
[WhiteElo "1992"]
[BlackElo "2119"]
[PlyCount "65"]
[EventDate "2011.11.18"]
[EventType "swiss"]
[EventRounds "9"]
[EventCountry "BRA"]
[SourceTitle "EXT 2013"]
[Source "ChessBase"]
[SourceDate "2012.11.22"]
[SourceVersion "1"]
[SourceVersionDate "2012.11.22"]
[SourceQuality "1"]

1. d4 Nf6 2. c4 c5 3. e3 g6 4. Nc3 Bg7 5. Nf3 0-0 6. Be2 cxd4 7. exd4 d5 8. 0-0 Nc6 9. Bg5 dxc4 10. Bxc4 Bg4 11. Be3 Rc8 12. Be2 Nd5 13. h3 Bf5 14. g4 Nxc3 15. bxc3 Bd7 16. Ng5 Na5 17. Rc1 Nc4 18. Bxc4 Rxc4 19. Ne4 Bc6 20. Nd2 Ra4 21. Qb3 b5 22. c4 bxc4 23. Rxc4 Ra6 24. Qb4 Rb6 25. Qa3 Bb5 26. Qxa7 Ra6 27. Qc5 Bxc4 28. Qxc4 Qa8 29. Qb4 h5 30. f3 Rxa2 31. Ne4 Qa7 32. Bf4 Rd8 33. Qb3 0-1

[Event "Wch U18 Girls"]
[Site "Caldas Novas"]
[Date "2011.11.19"]
[Round "2"]
[White "Sanal, Suna"]
[Black "Cancio Bello Ayes, Flavia"]
[Result "0-1"]
[WhiteElo "1757"]
[BlackElo "2119"]
[PlyCount "46"]
[EventDate "2011.11.18"]
[EventType "swiss"]
[EventRounds "9"]
[EventCountry "BRA"]
[SourceTitle "EXT 2013"]
[Source "ChessBase"]
[SourceDate "2012.11.22"]
[SourceVersion "1"]
[SourceVersionDate "2012.11.22"]
[SourceQuality "1"]

1. e4 c5 2. Nc3 Nc6 3. g3 g6 4. Bg2 Bg7 5. d3 d6 6. f4 e6 7. Nf3 Nge7 8. 0-0 Nd4 9. Be3 Nef5 10. Bf2 0-0 11. Nxd4 Nxd4 12. e5 dxe5 13. fxe5 Rb8 14. Ne4 b6 15. c3 Nf5 16. g4 Nh4 17. Nf6+ Bxf6 18. exf6 Nxg2 19. Qd2 Kh8 20. Qh6 Rg8 21. h4 Bb7 22. c4 Qxd3 23. Rad1 Qh3 0-1

[Event "Pan American-ch (Women)"]
[Site "Sao Paulo"]
[Date "2010.12.02"]
[Round "7"]
[White "Pereira, Amanda Marques"]
[Black "Cancio Bello Ayes, Flavia"]
[Result "0-1"]
[WhiteElo "1961"]
[BlackElo "2114"]
[PlyCount "96"]
[EventDate "2010.11.28"]
[EventType "swiss"]
[EventRounds "9"]
[EventCountry "BRA"]
[SourceTitle "CBM 139 Extra"]
[Source "ChessBase"]
[SourceDate "2011.01.05"]
[SourceVersion "1"]
[SourceVersionDate "2011.01.05"]
[SourceQuality "1"]

1. e4 c5 2. Nf3 Nc6 3. d4 cxd4 4. Nxd4 Nf6 5. Nc3 e5 6. Ndb5 d6 7. Bg5 a6 8. Na3 b5 9. Nd5 Be7 10. Bxf6 Bxf6 11. c4 b4 12. Nc2 a5 13. g3 Bg5 14. Bg2 0-0 15. 0-0 Bh6 16. Qd3 Rb8 17. b3 Be6 18. Rad1 Rb7 19. Nde3 Bxe3 20. Nxe3 Nd4 21. f4 f6 22. Nf5 Bxf5 23. exf5 Ra7 24. Be4 Qb6 25. Kh1 a4 26. fxe5 dxe5 27. Rc1 Qc5 28. bxa4 Rxa4 29. Qd2 Kh8 30. Bd5 Rd8 31. Qg2 Ra3 32. g4 Re3 33. Rce1 Rc3 34. g5 Rc2 35. Rf2 Nf3 36. gxf6 gxf6 37. Rg1 Nxg1 38. Rxc2 Nh3 39. Qxh3 Rxd5 40. Qh5 Rd8 41. Qf3 Rg8 42. Rc1 Qd4 43. Qd5 Qe3 44. Rf1 e4 45. Qe6 Qd4 46. Re1 h6 47. Qxe4 Rg1+ 48. Rxg1 Qxe4+ 0-1

[Event "Sao Paulo (Women)"]
[Site "Sao Paulo"]
[Date "2010.11.22"]
[Round "7"]
[White "Fernandez, Maria Florencia"]
[Black "Cancio Bello Ayes, Flavia"]
[Result "1-0"]
[WhiteElo "2119"]
[BlackElo "2114"]
[PlyCount "77"]
[EventDate "2010.11.16"]
[EventType "tourn"]
[EventRounds "9"]
[EventCountry "BRA"]
[SourceTitle "CBM 139 Extra"]
[Source "ChessBase"]
[SourceDate "2011.01.05"]
[SourceVersion "1"]
[SourceVersionDate "2011.01.05"]
[SourceQuality "1"]

1. d4 Nf6 2. c4 d6 3. Nc3 Nbd7 4. e4 e5 5. d5 Be7 6. Be3 0-0 7. f3 a5 8. Qd2 Nc5 9. Bd3 Bd7 10. Nge2 c6 11. 0-0 Re8 12. Bc2 Bf8 13. a3 cxd5 14. exd5 a4 15. Ng3 g6 16. Qf2 Qe7 17. Nge4 Ncxe4 18. Nxe4 Rac8 19. Bg5 Nxe4 20. fxe4 Qxg5 21. Qxf7+ Kh8 22. Qxd7 Red8 23. Qxa4 Qe3+ 24. Kh1 Qd4 25. Bb3 Qxb2 26. Qb4 Bg7 27. Rab1 Qe2 28. Rbe1 Rf8 29. Rg1 Qh5 30. Qxd6 g5 31. Bd1 Qh4 32. Qe6 Rxc4 33. d6 Rd4 34. d7 Qf2 35. Bg4 Rd2 36. Qe8 Qd4 37. Ref1 Qd6 38. Rxf8+ Qxf8 39. Rf1 1-0

[Event "Sao Paulo (Women)"]
[Site "Sao Paulo"]
[Date "2010.11.21"]
[Round "6"]
[White "Cancio Bello Ayes, Flavia"]
[Black "Pereira, Amanda Marques"]
[Result "1/2-1/2"]
[WhiteElo "2114"]
[BlackElo "1980"]
[PlyCount "120"]
[EventDate "2010.11.16"]
[EventType "tourn"]
[EventRounds "9"]
[EventCountry "BRA"]
[SourceTitle "CBM 139 Extra"]
[Source "ChessBase"]
[SourceDate "2011.01.05"]
[SourceVersion "1"]
[SourceVersionDate "2011.01.05"]
[SourceQuality "1"]

1. e4 c5 2. Nf3 e6 3. d4 cxd4 4. Nxd4 a6 5. c4 Nf6 6. Nc3 Bb4 7. Bd3 Bxc3+ 8. bxc3 d6 9. 0-0 0-0 10. Bg5 Nbd7 11. f4 e5 12. Nf5 exf4 13. Rxf4 Ne5 14. Kh1 Bxf5 15. Rxf5 Ned7 16. Qf3 h6 17. Bh4 Qe8 18. Qg3 Nxe4 19. Bxe4 Qxe4 20. Rf4 Qh7 21. Be7 Rfe8 22. Bxd6 Re4 23. Qf3 Rae8 24. Rf1 Nf6 25. h3 Rxf4 26. Bxf4 b6 27. Bc7 Qe4 28. Bxb6 Qxc4 29. Bd4 Re6 30. a3 Qc7 31. Qa8+ Kh7 32. Bxf6 Rxf6 33. Rxf6 gxf6 34. Qe4+ Kg7 35. Qd4 Qe7 36. a4 Qe1+ 37. Kh2 Qe5+ 38. Qxe5 fxe5 39. Kg3 Kf6 40. Kf3 Ke6 41. g4 Kd5 42. h4 f6 43. a5 Kc4 44. Ke4 Kxc3 45. Kf5 Kb4 46. h5 Kxa5 47. Kxf6 e4 48. g5 e3 49. g6 e2 50. g7 e1Q 51. g8Q Qc3+ 52. Kg6 Qg3+ 53. Kh7 Qxg8+ 54. Kxg8 Kb5 55. Kg7 a5 56. Kxh6 a4 57. Kg7 a3 58. h6 a2 59. h7 a1Q+ 60. Kg8 Qg1+ 1/2-1/2

[Event "Capablanca Memorial op 45th"]
[Site "Havana"]
[Date "2010.06.19"]
[Round "9"]
[White "Vigoa Apecheche, Yanira"]
[Black "Cancio Bello Ayes, Flavia"]
[Result "1/2-1/2"]
[WhiteElo "2302"]
[BlackElo "2075"]
[PlyCount "88"]
[EventDate "2010.06.10"]
[EventType "swiss"]
[EventRounds "10"]
[EventCountry "CUB"]
[SourceTitle "CBM 137 Extra"]
[Source "ChessBase"]
[SourceDate "2010.09.01"]
[SourceVersion "1"]
[SourceVersionDate "2010.09.01"]
[SourceQuality "1"]

1. Nf3 Nf6 2. c4 e6 3. d4 b6 4. e3 c5 5. Bd3 Bb7 6. Nbd2 d6 7. 0-0 g6 8. b4 Bg7 9. Rb1 0-0 10. a3 Re8 11. Bc2 Nbd7 12. Ba4 Rc8 13. Bb2 Ne4 14. dxc5 Bxb2 15. Nxe4 Bxe4 16. Rxb2 Bxf3 17. gxf3 bxc5 18. Rd2 Rf8 19. Bxd7 Qxd7 20. Rxd6 Qe7 21. b5 Rfd8 22. Rxd8+ Rxd8 23. Qe2 Qg5+ 24. Kh1 Qf6 25. Rc1 Rd6 26. Rd1 Rxd1+ 27. Qxd1 Qb2 28. Kg2 Qxa3 29. Qd8+ Kg7 30. Qc7 g5 31. h3 h6 32. Qe5+ Kg6 33. Qc7 Kg7 34. Qe5+ Kg6 35. Qe4+ Kg7 36. h4 gxh4 37. Qg4+ Kh7 38. Qh5 Kg7 39. Qe5+ Kg6 40. Qe4+ Kg7 41. Qe5+ Kg6 42. Qc7 Kg7 43. Qe7 Kg6 44. Qxh4 Qc3 1/2-1/2

[Event "Havana Province-ch (Women)"]
[Site "Havana"]
[Date "2009.10.29"]
[Round "5"]
[White "Hernandez Moya, Yuleisis"]
[Black "Cancio Bello Ayes, Flavia"]
[Result "1-0"]
[WhiteElo "2143"]
[BlackElo "2101"]
[PlyCount "102"]
[EventDate "2009.10.25"]
[EventType "tourn"]
[EventRounds "11"]
[EventCountry "CUB"]
[EventCategory "1"]
[SourceTitle "EXT 2012"]
[Source "ChessBase"]
[SourceDate "2011.11.24"]
[SourceVersion "1"]
[SourceVersionDate "2011.11.24"]
[SourceQuality "1"]

1. e4 c5 2. Nc3 Nc6 3. g3 g6 4. Bg2 Bg7 5. d3 e6 6. f4 Nge7 7. Be3 Nd4 8. e5 d6 9. exd6 Qxd6 10. Ne4 Qb6 11. Rb1 Nef5 12. Bf2 Nd6 13. c3 Nxe4 14. dxe4 Nc6 15. Ne2 Qa5 16. 0-0 0-0 17. a3 Rd8 18. Qc2 Bd7 19. b4 cxb4 20. axb4 Qc7 21. b5 Na5 22. b6 Qb8 23. bxa7 Rxa7 24. Bxa7 Qxa7+ 25. Nd4 Bxd4+ 26. cxd4 Qxd4+ 27. Qf2 Bc6 28. Qxd4 Rxd4 29. e5 Nc4 30. Bxc6 bxc6 31. Rfc1 Nd2 32. Rb8+ Kg7 33. Rxc6 g5 34. Rd6 Nf3+ 35. Kf2 g4 36. h3 h5 37. hxg4 hxg4 38. Ra6 Kg6 39. Ra7 Rd3 40. Rf8 Kf5 41. Rfxf7+ Ke4 42. Ra4+ Nd4 43. Rd7 Rd2+ 44. Ke1 Rd3 45. f5 Re3+ 46. Kd1 Rd3+ 47. Kc1 exf5 48. e6 Kf3 49. Raxd4 Rc3+ 50. Kb2 Rc8 51. Rd3+ Kf2 1-0

[Event "Havana Province-ch (Women)"]
[Site "Havana"]
[Date "2009.10.27"]
[Round "3"]
[White "Catala Matienzo, Ivette"]
[Black "Cancio Bello Ayes, Flavia"]
[Result "1-0"]
[WhiteElo "2155"]
[BlackElo "2101"]
[PlyCount "67"]
[EventDate "2009.10.25"]
[EventType "tourn"]
[EventRounds "11"]
[EventCountry "CUB"]
[EventCategory "1"]
[SourceTitle "EXT 2012"]
[Source "ChessBase"]
[SourceDate "2011.11.24"]
[SourceVersion "1"]
[SourceVersionDate "2011.11.24"]
[SourceQuality "1"]

1. d4 Nf6 2. Nf3 g6 3. g3 b6 4. Bg2 Bb7 5. 0-0 Bg7 6. c4 c5 7. Nc3 Ne4 8. Nxe4 Bxe4 9. d5 d6 10. Qb3 Nd7 11. Bh3 Bxf3 12. exf3 0-0 13. Re1 h6 14. Bd2 a6 15. Bxd7 Qxd7 16. Qxb6 Rfb8 17. Qc6 Qxc6 18. dxc6 Rxb2 19. Ba5 Bd4 20. Rxe7 Kf8 21. Rb7 Rxf2 22. Rab1 Rc8 23. c7 Ke7 24. Kh1 Rxa2 25. Rb8 Rxa5 26. Rxc8 Kd7 27. Rf8 Kxc7 28. Rxf7+ Kc8 29. Rb6 Ra1+ 30. Kg2 Ra2+ 31. Kf1 a5 32. Ra6 Kb8 33. Rxd6 Kc8 34. Rxg6 1-0

[Event "Havana Municipal-ch 12th"]
[Site "Havana"]
[Date "2009.09.17"]
[Round "2"]
[White "Cancio Bello Ayes, Flavia"]
[Black "Jodar Arias, Marlon"]
[Result "0-1"]
[WhiteElo "2101"]
[BlackElo "2120"]
[PlyCount "62"]
[EventDate "2009.09.15"]
[EventType "swiss"]
[EventRounds "11"]
[EventCountry "CUB"]
[EventCategory "1"]
[SourceTitle "EXT 2012"]
[Source "ChessBase"]
[SourceDate "2011.11.24"]
[SourceVersion "1"]
[SourceVersionDate "2011.11.24"]
[SourceQuality "1"]

1. e4 c6 2. Nf3 d5 3. Nc3 Bg4 4. h3 Bh5 5. g4 Bg6 6. exd5 cxd5 7. Bb5+ Nc6 8. Ne5 Rc8 9. d4 e6 10. Qe2 Bb4 11. Bf4 Nge7 12. a3 Bxc3+ 13. bxc3 0-0 14. 0-0 Nxe5 15. dxe5 Rxc3 16. Bd3 Qb6 17. Bd2 Bxd3 18. cxd3 Rc2 19. Rfb1 Qa6 20. Rb3 Nc6 21. Qe3 d4 22. Qe1 Rc8 23. Rd1 b6 24. f4 Qa4 25. Rdb1 Ra2 26. Bc1 Na5 27. Rb4 Qc2 28. Bb2 Qxd3 29. Rxd4 Qxh3 30. Qd1 h6 31. f5 Rc3 0-1

[Event "Capablanca Memorial op 43rd"]
[Site "Havana"]
[Date "2008.05.12"]
[Round "5"]
[White "Cancio Bello Ayes, Flavia"]
[Black "Catala Matienzo, Ivette"]
[Result "0-1"]
[WhiteElo "2048"]
[BlackElo "2144"]
[PlyCount "54"]
[EventDate "2008.05.08"]
[EventType "swiss"]
[EventRounds "10"]
[EventCountry "CUB"]
[SourceTitle "CBM 124 Extra"]
[Source "ChessBase"]
[SourceDate "2008.07.03"]
[SourceVersion "1"]
[SourceVersionDate "2008.07.03"]
[SourceQuality "1"]

1. e4 c5 2. Nf3 e6 3. d4 cxd4 4. Nxd4 Nf6 5. Nc3 Nc6 6. Ndb5 d6 7. Bf4 e5 8. Bg5 a6 9. Na3 b5 10. Nd5 Qa5+ 11. Bd2 Qd8 12. Bg5 Be7 13. Bxf6 Bxf6 14. c4 Bg5 15. g3 Qa5+ 16. Nc3 b4 17. Qxd6 bxc3 18. Qxc6+ Ke7 19. b4 Bd2+ 20. Ke2 Qxa3 21. Qc7+ Kf6 22. Qd6+ Be6 23. f4 Rhd8 24. Qxe5+ Ke7 25. Bh3 c2 26. Bxe6 Qe3+ 27. Kf1 Qf3+ 0-1

[Event "Capablanca Memorial op 43rd"]
[Site "Havana"]
[Date "2008.05.09"]
[Round "2"]
[White "Diaz Ordonez, Ciro"]
[Black "Cancio Bello Ayes, Flavia"]
[Result "1-0"]
[WhiteElo "2245"]
[BlackElo "2048"]
[PlyCount "107"]
[EventDate "2008.05.08"]
[EventType "swiss"]
[EventRounds "10"]
[EventCountry "CUB"]
[SourceTitle "CBM 124 Extra"]
[Source "ChessBase"]
[SourceDate "2008.07.03"]
[SourceVersion "1"]
[SourceVersionDate "2008.07.03"]
[SourceQuality "1"]

1. e4 c5 2. Nf3 Nc6 3. d4 cxd4 4. Nxd4 Nf6 5. Nc3 e5 6. Ndb5 d6 7. Bg5 a6 8. Na3 b5 9. Nd5 Be7 10. Bxf6 Bxf6 11. c3 Bg5 12. Nc2 0-0 13. h4 Bh6 14. Nce3 Kh8 15. a4 bxa4 16. Qxa4 Bd7 17. Qa3 Be6 18. b4 Ne7 19. Qa5 Qd7 20. Bxa6 f5 21. 0-0 Rab8 22. Qc7 Nxd5 23. Qxd7 Bxd7 24. exd5 f4 25. Nc4 Rf6 26. b5 g5 27. h5 Rxb5 28. Rfb1 Rxb1+ 29. Rxb1 Bg4 30. Rb6 Bf8 31. Nxe5 Bf5 32. Bd3 Bxd3 33. Nxd3 Kg7 34. c4 Be7 35. Nb4 Rf8 36. h6+ Kg8 37. Nc6 Bf6 38. Rb7 Rf7 39. Rb1 Bc3 40. Rc1 Bb2 41. Re1 Kf8 42. Rb1 Rb7 43. Nd8 Rb4 44. Ne6+ Kg8 45. Nxg5 Bc3 46. Rxb4 Bxb4 47. Kf1 Bc3 48. Ke2 Bf6 49. Ne4 Be5 50. Kf3 Kf7 51. Kg4 Kg6 52. f3 Kxh6 53. Kf5 Kh5 54. c5 1-0